Die wertvollsten Spieler der Bundesliga-Saison 2025/26 - Statistiken

Allgemein
  • Dieses Quiz wurde 111 mal gespielt
  • Das Durchschnittsergebnis liegt bei 11 aus 15
Antwortstatistiken
# Marktwert Verein Spieler % Korrekt
1. 140 Mio. € FC Bayern München Jamal Musiala
100%
3. 75 Mio. € FC Bayern München Harry Kane
97%
2. 100 Mio. € FC Bayern München Michael Olise
95%
12. 45 Mio. € FC Bayern München Joshua Kimmich
89%
5. 70 Mio. € RB Leipzig Xavi Simons
86%
8. 50 Mio. € FC Bayern München Dayot Upamecano
83%
3. 75 Mio. € Eintracht Frankfurt Hugo Ekitike
81%
5. 70 Mio. € RB Leipzig Benjamin Sesko
75%
12. 45 Mio. € Borussia Dortmund Serhou Guirassy
72%
8. 50 Mio. € RB Leipzig Lois Openda
69%
8. 50 Mio. € FC Bayern München Alphonso Davies
67%
12. 45 Mio. € VfB Stuttgart Angelo Stiller
67%
7. 55 Mio. € FC Bayern München Aleksandar Pavlovic
58%
12. 45 Mio. € Borussia Dortmund Karim Adeyemi
56%
8. 50 Mio. € Bayer Leverkusen Piero Hincapie
40%
Keine übereinstimmenden Quizze gefunden
Verteilung der Resultate
Anzahl Personen mit jedem Resultat
Perzentil nach korrekt beantworteten Fragen
Ihre Resultats-Entwicklung
Sie haben dieses Quiz noch nicht gespielt